000 00473nam a22001817a 4500
003 OSt
005 20180116183046.0
008 160720b xxu||||| |||| 00| 0 eng d
020 _a9789699988134
040 _c0
082 _a297 HAK 2015
100 _aDr. Khalifa Abdul Hakim
245 _aIslamic Ideology
_cDr. Khalifa Abdul Hakim
260 _aKarachi Pakistan
_bPeace Publications
_c2015
300 _a341 p.
_bHB
440 _aIslamic Ideology
942 _2ddc
_cBK
999 _c351431
_d351431